What is the value of a public house as an over-rented investment? (Record no. 76211)

MARC details
000 -LEADER
fixed length control field 01423cab a2200181 4500
001 - CONTROL NUMBER
control field ##L131636
008 - FIXED-LENGTH DATA ELEMENTS--GENERAL INFORMATION
fixed length control field 051121n2005 000 0 eng u
035 ## - SYSTEM CONTROL NUMBER
System control number (Sirsi) u131636
041 0# - LANGUAGE CODE
Language code of text/sound track or separate title eng
100 1# - MAIN ENTRY--PERSONAL NAME
Personal name Gillham, Barry
245 00 - TITLE STATEMENT
Title What is the value of a public house as an over-rented investment?
260 ## - PUBLICATION, DISTRIBUTION, ETC.
Date of publication, distribution, etc. 2005
490 #0 - SERIES STATEMENT
Series statement Journal of Retail and Leisure Property
Volume/sequential designation 4(4) 2005, 343-351(9)
520 ## - SUMMARY, ETC.
Summary, etc. Sets out the current position whereby many public houses are being offered as investments, generally by auction. Most of these investments are being especially created by way of sale and leaseback with vendors offering rents substantially in excess of market levels. Sets out to ascertain the true value of an over-rented investment; what advice should be given to lending institutions; what investigations should a potential bidder make; what is likely to occur should existing tenants suffer from business failure or assign a weaker covenant? The paper also considers the yields on prime high-street public house investments and their movement over the past three years. It contrasts these yields with those pertaining to less attractive properties and covenants and those patently over-rented and poor-risk properties. [Taken from journal abstract.]
590 ## - LOCAL NOTE (RLIN)
Local note IKA221105
690 ## - LOCAL SUBJECT ADDED ENTRY--TOPICAL TERM (OCLC, RLIN)
Topical term or geographic name as entry element PROPERTY-COMMERCIAL PROPERTY-LEISURE PROPERTY-REFRESHMENT AND CULINARY PROPERTY-LICENSED PROPERTY
942 ## - ADDED ENTRY ELEMENTS (KOHA)
Suppress in OPAC 0
Holdings
Withdrawn status Lost status Source of classification or shelving scheme Damaged status Not for loan Home library Current library Shelving location Date acquired Total Checkouts Full call number Barcode Date last seen Copy number Price effective from Koha item type
    Dewey Decimal Classification     London London Journal article 21/11/2005   L131636 131636-1001 06/08/2019 1 06/08/2019 Journal article